00655nam a2200217Ia 4500003000900000008004100009040001300050040001300063041000800076100002200084245004300106250000900149260002100158260000900179300000800188490001600196490000600212942000700218999001700225952019500242IT-RoPAU120407s9999 xx 000 0 und d aIT-RoPAU cIT-RoPAU aita aErcole Brocchieri aSintesi Mariana per il mese di maggio. aAlba aEdizioni Paoline c1957 c cm aMagisterium v1 cBK c23067d23067 00102ddc406253_85000000000000071aPAULUSbPAULUSd2012-04-11l0o253.85r2012-04-11 00:00:00w2012-04-11yBKzInserito da: Jole In data: 22 luglio 2011 fondo: Via A.Severo 56 Progr:32942